000 01026njm a2200277Ia 4500
001 20692
003 IT-RoPAU
005 20220918181126.0
008 131025s9999 xx 000 0 und d
040 _aIT-RoPAU
040 _cIT-RoPAU
041 _aITALIANO
999 _c100185
_d100185
999 _bn.d.
100 _aAnonimo
_9883
100 _eAutore musica
_92604
100 _gCodice autore musica SPICS: 2620
_9885
245 _aDanze scout
250 _a1a ed.
260 _aMILANO
260 _bECO
_c1967 [1a Ed.:1967 - Ed. Lingua Orig.: 1967]
300 _aDISCO
500 _aCanzoni per ragazzi dei gruppi scouts. Musica ricreativa
505 _aLa danza del fuoco - La battaglia di Magenta - La danza del serpente - Ti-Ia-Ia-o - Quand Philibert dance - Battello va - Aguni - Danza del rodeo - La ballata del cavalier - La danza delle Brazzia - La danza delle stagioni - Danza ebraica - Danza turca - Danza jugoslava - Danza francese
650 _aRICREATIVO [DISCHI]
_eCodice MATERIA SPICS: 9950
_92605
942 _cMD
_2ddc